| 000 | 01401cam a2200397 a 4500 | ||
|---|---|---|---|
| 001 | 15947843 | ||
| 003 | JO-AjAnu | ||
| 005 | 20231127102347.0 | ||
| 008 | 091016s2010 enkab b 001 0 eng | ||
| 010 | _a 2009043168 | ||
| 015 |
_aGBA974124 _2bnb |
||
| 016 | 7 |
_a015336719 _2Uk |
|
| 020 | _a9780415492645 (hb) | ||
| 020 | _a0415492645 (hb) | ||
| 020 | _a9780415494243 (pb) | ||
| 020 | _a0415494249 (pb) | ||
| 020 | _a9780203852750 (eb) | ||
| 020 | _a0203852753 (eb) | ||
| 035 | _a(OCoLC)ocn308216889 | ||
| 040 |
_aDLC _cDLC _dYDX _dYDXCP _dIUL _dUKM _dCDX _dDLC _dJO-AjAnu |
||
| 050 | 0 | 0 |
_aHD1415 _b.N67 2019 |
| 082 | 0 | 0 |
_a338.1 _222 |
| 100 | 1 | _aNorton, George W. | |
| 245 | 1 | 0 |
_aEconomics of agricultural development : _bworld food systems and resource use / _cGeorge W. Norton, Jeffrey Alwang, William A. Masters. |
| 250 | _a2nd ed. | ||
| 260 |
_aLondon ; _aNew York, NY : _bRoutledge, _c2019. |
||
| 300 |
_aix, 465 p. : _bill., maps ; _c24 cm. |
||
| 490 | 0 | _aRoutledge textbooks in environmental and agricultural economics | |
| 504 | _aIncludes bibliographical references and index. | ||
| 650 | 0 |
_aAgriculture _xEconomic aspects. |
|
| 700 | 1 | _aAlwang, Jeffrey R. | |
| 700 | 1 | _aMasters, William A. | |
| 906 |
_a7 _bcbc _corignew _d1 _eecip _f20 _gy-gencatlg |
||
| 942 |
_2lcc _cBK _n0 |
||
| 999 |
_c33149 _d33149 |
||